| LEADER | 01946nam a2200301 4500 | ||
|---|---|---|---|
| 082 | |a 332.6 |b TH103B | ||
| 100 | |a Thái Bá Cẩn | ||
| 245 | |a Giáo trình phân tích và quản lý dự án đầu tư |c Thái Bá Cẩn | ||
| 250 | |a Tái bản lần thứ nhất | ||
| 260 | |a H. |b Giáo dục |c 2009 | ||
| 300 | |a 335 tr. |c 24 cm | ||
| 520 | |a v.v... | ||
| 653 | |a Đầu tư | ||
| 653 | |a dự án | ||
| 653 | |a phân tích | ||
| 653 | |a quản lý | ||
| 653 | |a giáo trình | ||
| 942 | |2 ddc |c STK0 | ||
| 999 | |c 9335 |d 9335 | ||
| 952 | |0 0 |1 0 |2 ddc |4 0 |6 332_600000000000000_TH103B |7 0 |8 300 |9 74818 |a qbu |b qbu |c D2 |d 2015-05-08 |g 39500 |o 332.6 TH103B |p 9258.c1 |r 0000-00-00 |w 2015-05-08 |y STK0 | ||
| 952 | |0 0 |1 0 |2 ddc |4 0 |6 332_600000000000000_TH103B |7 0 |8 300 |9 74819 |a qbu |b qbu |c D2 |d 2015-05-08 |g 39500 |o 332.6 TH103B |p 9258.c2 |r 0000-00-00 |w 2015-05-08 |y STK0 | ||
| 952 | |0 0 |1 0 |2 ddc |4 0 |6 332_600000000000000_TH103B |7 0 |8 300 |9 74820 |a qbu |b qbu |c D2 |d 2015-05-08 |g 39500 |l 1 |o 332.6 TH103B |p 9258.c3 |r 2017-07-28 |s 2017-07-14 |w 2015-05-08 |y STK0 | ||
| 952 | |0 0 |1 0 |2 ddc |4 0 |6 332_600000000000000_TH103B |7 0 |8 300 |9 74821 |a qbu |b qbu |c D2 |d 2015-05-08 |g 39500 |o 332.6 TH103B |p 9258.c4 |r 0000-00-00 |w 2015-05-08 |y STK0 | ||
| 952 | |0 0 |1 0 |2 ddc |4 0 |6 332_600000000000000_TH103B |7 0 |8 300 |9 74822 |a qbu |b qbu |c D2 |d 2015-05-08 |g 39500 |o 332.6 TH103B |p 9258.c5 |r 0000-00-00 |w 2015-05-08 |y STK0 | ||
| 952 | |0 0 |1 0 |2 ddc |4 0 |6 332_600000000000000_TH103B |7 0 |8 300 |9 74823 |a qbu |b qbu |c D2 |d 2015-05-08 |g 39500 |o 332.6 TH103B |p 9258.c6 |r 0000-00-00 |w 2015-05-08 |y STK0 | ||
| 952 | |0 0 |1 0 |2 ddc |4 0 |6 332_600000000000000_TH103B |7 0 |8 300 |9 74824 |a qbu |b qbu |c D2 |d 2015-05-08 |g 39500 |o 332.6 TH103B |p 9258.c7 |r 0000-00-00 |w 2015-05-08 |y STK0 | ||
| 952 | |0 0 |1 0 |2 ddc |4 0 |6 332_600000000000000_TH103B |7 0 |8 300 |9 74825 |a qbu |b qbu |c D2 |d 2015-05-08 |g 39500 |o 332.6 TH103B |p 9258.c8 |r 0000-00-00 |w 2015-05-08 |y STK0 | ||
| 952 | |0 0 |1 0 |2 ddc |4 0 |6 332_600000000000000_TH103B |7 0 |8 300 |9 74826 |a qbu |b qbu |c D2 |d 2015-05-08 |g 39500 |o 332.6 TH103B |p 9258.c9 |r 0000-00-00 |w 2015-05-08 |y STK0 | ||